| 000 | 00526nam a2200205Ia 4500 | ||
|---|---|---|---|
| 003 | GCL | ||
| 008 | 140319s9999 xx 000 0 eng d | ||
| 040 |
_aGCL / _cGCL |
||
| 082 | 0 | 4 |
_a181.2 _bP G |
| 100 | 1 | _aPHILIPP, THOMAS | |
| 245 | 1 | 0 |
_aGURGI ZAIDAN, HIS LIFE AND THOUGHT / _cPHILIPP, THOMAS |
| 260 |
_a[S.N] : _bORIENT INSTITUT DMG ، _c1979 |
||
| 300 | _a249 PP | ||
| 650 | 0 | 4 | _aEGYPT |
| 650 | 0 | 4 | _aHISTORY |
| 650 | 0 | 4 | _aARABIC LITERATURE |
| 650 | 0 | 4 | _aENLIGHTENMENT |
| 650 | 0 | 4 | _aARABIC THOUGHT |
| 942 |
_2ddc _cBK |
||
| 999 |
_c19110 _d19110 |
||